000
00267nam a2200121Ia 4500
008
191201s2010 xx 000 0 und d
100
_a
VAYDANDE,Neeta
245
0
_a
Business Development
260
_a
IBH
_b
IBH
_c
2010
300
_a
169
650
_a
BBA
942
_2
ddc
_c
BK
999
_c
747
_d
747